000 011260000a22002890004500
003 EG-GICUC
005 20250223030052.0
008 090923s1997 ua dh f m 000 0 eng d
040 _aEG-GiCUC
_beng
_cEG-GiCUC
041 0 _aeng
049 _aDeposite
097 _aPh.D
099 _aCai01.11.03.Ph.D.1997.Na.S
100 0 _aNadia Youssef Aziz Youssef
245 1 0 _aSome biochemical studies in hepatobiliary disorders /
_cNadia Youssef Aziz Youssef ; Supervised Talaat Abdelaziz , Lucy Soliman , Samir Abozeid
246 1 5 _aدراسة كيميائية حيوية فى بعض الامراض الكبدية المرارية
260 _aCairo :
_bNadia Youssef Aziz Youssef ,
_c1997
300 _a178 Leaves :
_bcharts , facsimiles ;
_c30cm
502 _aThesis(Ph.D.) - Cairo University - Faculty of Medicine - Department of Biochemistry - Medical
700 0 _aLucy Soliman ,
_eSupervisor
700 0 _aSamir Abozeid ,
_eSupervisor
700 0 _aTalaat Abdelaziz ,
_eSupervisor
856 _uhttp://172.23.153.220/th.pdf
905 _aGihan
_eCataloger
905 _aNazla
_eRevisor
942 _2ddc
_cTH
999 _c26782
_d26782